000 00736nam a22002057a 4500
999 _c12922
_d12922
003 AR-CdUCM
008 190410b ||||| |||| 00| 0 spa d
040 _aMUNICIPALIDAD PROVINCIAL DEL CUSCO
_cBIBLIOTECA MUNICIPAL DEL CUSCO
082 _a330 /
_bV19
100 _aValencia Cardenas, José.
_931054
245 _aCirculación de la riqueza /
260 _aLima :
_bImprenta San Martín,
_c1939.
300 _a649 paginas ;
_c21 cm.
505 _aContenido :Código de comercio -- De las compañías mercantiles -- Registros públicos -- Pesas y medidas --Mercado de armas ...
650 _aDerecho comercial
_95195
650 _aLegislación
_92962
650 _aEconomía
_9382
942 _2ddc
_cLIBROS
945 _arum
_d2019-04-10